[Event "LSS No Engine Cup 203 Preliminary 0"]
[Site "LSS email"]
[Date "2020.04.27"]
[Round "?"]
[White "Huntley, Theron"]
[Black "Rees, Owen"]
[Result "1-0"]
[WhiteElo "1627"]
[BlackElo "1600"]
[PlyCount "33"]
[EventDate "2020.04.27"]
[EventType "tourn (corr)"]
[EventRounds "6"]
[EventCountry "GER"]
[SourceTitle "Corr 2022"]
[Source "ChessBase"]
[SourceDate "2021.10.24"]
[SourceVersion "1"]
[SourceVersionDate "2021.10.24"]
[SourceQuality "1"]

1. d4 Nf6 2. c4 e6 3. Nf3 b6 4. g3 Ba6 5. b3 Bb4+ 6. Bd2 Be7 7. Nc3 d5 8. cxd5 exd5 9. Bg2 0-0 10. 0-0 Re8 11. Ne5 c6 12. Re1 Bd6 13. e4 Bb4 14. exd5 Bxc3 15. Bxc3 Nxd5 16. Qf3 Qe7 17. Nxc6 1-0

[Event "OP-2020-0-04958"]
[Site "LSS email"]
[Date "2020.04.14"]
[Round "?"]
[White "Verich, Oleg"]
[Black "Rees, Owen"]
[Result "1-0"]
[WhiteElo "1016"]
[BlackElo "1199"]
[PlyCount "23"]
[EventDate "2020.04.10"]
[EventType "tourn (corr)"]
[EventRounds "4"]
[EventCountry "GER"]
[SourceTitle "Corr 2022"]
[Source "ChessBase"]
[SourceDate "2021.10.24"]
[SourceVersion "1"]
[SourceVersionDate "2021.10.24"]
[SourceQuality "1"]

1. Nf3 Nf6 2. g3 b6 3. Bg2 Bb7 4. 0-0 c5 5. d4 e6 6. dxc5 Bxc5 7. Nc3 0-0 8. Bf4 d5 9. Nb5 a6 10. Nbd4 Nc6 11. c3 Ne7 12. Nb3 1-0